000 00546nam a2200205Ia 4500
003 OSt
005 20220927114252.0
006 a|||||r|||| 00| 0
007 ta
008 220926b |||||||| |||| 00| 0 eng d
024 _a149301
037 _cTextbook
040 _aRTL
_cRTL
_beng
041 _2eng
_aeng
082 _a"X, TD"
100 _aFINDLAY Ronald
_9388283
245 0 _aIntermediate imports and macroeconomics policy under flexible exchange rates
942 _h"X, TD"
_cCC
999 _c704133
_d704133